Normal view
MARC view
Entry Personal Name
001 - CONTROL NUMBER
- control field: 24388
003 - CONTROL NUMBER IDENTIFIER
- control field: ARRUPE
005 - DATE AND TIME OF LATEST TRANSACTION
- control field: 20160517153439.0
008 - FIXED-LENGTH DATA ELEMENTS
- fixed length control field: 160517|| aca||aabn | a|a d
040 ## - CATALOGING SOURCE
- Original cataloging agency: ARRUPE
- Transcribing agency: ARRUPE
100 ## - HEADING--PERSONAL NAME
- Personal name: Morrison, Bakewell,
- Dates associated with a name: 1894-
670 ## - SOURCE DATA FOUND
- Source citation: Work cat.: (ARRUPE)0: Morrison, Bakewell, 1894-, Think & live /, 1937.